000 00485nam a2200181Ia 4500
008 240729s9999 xx 000 0 und d
022 _a2666-822X
245 0 _aMaritime Transport Research
260 _aUnited Kingdom
260 _bElsevier
650 _a Business
650 _a Commerce
650 _a Shipment of goods. Delivery of goods
650 _aSocial Sciences
856 _uhttps://doaj.org/toc/1304b9c1388c4a7faa0fdb0f63404890
942 _2ddc
942 _cDOAJEJ
999 _c65569
_d65569
945 _a1
_bMadushi Gamage
_c1
_dMadushi Gamage